| 000 | 01166nam a2200301 a 4500 | ||
|---|---|---|---|
| 001 | 000112644 | ||
| 003 | CHAP | ||
| 005 | 20220329144316.0 | ||
| 008 | 160816s2011 mx a |r| ||||||spa d | ||
| 010 | _a109105 | ||
| 011 | _a110077 | ||
| 020 |
_a9786077607458 (Obra completa) _a978-607-7607-46-5 (v.1) _a978-607-7607-47-2 (v.2) |
||
| 040 | _cCHAP | ||
| 082 | 0 | 4 |
_a333.72097267 _bR59 |
| 245 | 1 | 0 |
_aRiqueza biológica de Quintana Roo : _bun análisis para su conservación / _ceditada por Carmen Pozo, Natalia Armijo Canto y Sophie Calmé. |
| 260 |
_aMéxico, D. F. : _bConabio _bColegio de la Frontera Sur _bGobierno del Estado de Quintana Roo 2005- _bPrograma de Pequeñas Donaciones-México, _c2011. |
||
| 300 |
_bil ; _c2 v. |
||
| 590 |
_aE5765TAJ _b05 _c20160816 _lUCH01 _h1201 |
||
| 650 | 1 | 4 |
_aBiodiversidad _zQuintana Roo (Estado). _9131049 |
| 650 | 1 | 4 |
_aConservación de la biodiversidad _zQuinta Roo (Estado). _9131048 |
| 650 | 1 | 4 |
_aConservación de la naturaleza. _9125419 |
| 700 | 1 |
_aArmijo Canto, Natalia _eed. _9131046 |
|
| 700 | 1 |
_aCalmé, Sophie _eed. _9131047 |
|
| 700 | 1 |
_aPozo, Carmen _eed. _9131045 |
|
| 901 | _aBK | ||
| 942 | _cLIBRO | ||
| 942 | _n0 | ||
| 999 |
_c109105 _d109105 |
||